Statistiken für Nordamerika Karten Quiz

Klicken Sie hier um das Quiz zu spielen!

Allgemein

  • Dieses Quiz wurde 24 mal gespielt
  • Das Durchschnittsergebnis liegt bei 2 aus 22

Antworten auf der Karte

Die Antworten werden auf der Karte rot bzw. grün angezeigt, abhängig davon wie oft sie richtig erraten wurden.
 

Antwortstatistiken

Antwort% Korrekt
Vereinigte Staaten
29%
Kanada
24%
Kuba
18%
Mexiko
18%
El Salvador
12%
Panama
12%
St. Vincent und die Grenadinen
12%
Trinidad und Tobago
12%
Antigua und Barbuda
6%
Bahamas
6%
Barbados
6%
Belize
6%
Costa Rica
6%
Dominikanische Republik
6%
Grenada
6%
Guatemala
6%
Haiti
6%
Nicaragua
6%
St. Kitts und Nevis
6%
St. Lucia
6%
Honduras
0%
Jamaika
0%

Verteilung der Resultate

Perzentil nach korrekt beantworteten Fragen

Anzahl Personen mit jedem Resultat

Ihre Resultats-Entwicklung

Sie haben dieses Quiz noch nicht gespielt